Brooklyn Nine-Nine Characters Quiz - Statistics

General Stats
  • This quiz has been taken 5,344 times
  • The average score is 22 of 47
Answer Stats
Hint Answer % Correct
Detective Santiago's Name Amy
99%
Detective Peralta's Name Jake
99%
Detective Diaz's Name Rosa
98%
Detective Jeffords' Name Terry
97%
Detective Boyle's Name Charles
96%
Captain Holt's Name Raymond
95%
Linetti's Name Gina
94%
Captain Holt's Husband Kevin Cozner
85%
Detective Pimento's Name Adrian
84%
Peralta's Frenemy (The Pontiac Bandit) Doug Judy
83%
Detective Scully's Name Norm
75%
Captain Holt's Middle Name Jacob
74%
Deputy Chief Wuntch's Name Madeline
69%
Santiago's Ex (Most Boring Man in America) Teddy Wells
68%
Boyle's Adopted Son Nikolaj
64%
His Occupation Pilot
64%
Peralta's Ex (Defense Attorney) Sophia
59%
Detective Hitchcock's Name Michael
58%
Diaz's Ex (Holt's Nephew) Marcus
55%
Boyle's Doppelganger (from Heists) Bill
49%
Jeffords' Twin Daughters Cagney & Lacey
47%
Boyle's Current Girlfriend Genevieve
42%
Boyle's Ex-Fiancé Vivian Ludley
42%
Jeffords' Wife Sharon
41%
Peralta's Mum Karen
40%
Commissioner Kelly's Name John
38%
Peralta's Cell Mate (Cannibal) Caleb
31%
Former 99 Captain Stentley's Name Jason
30%
Boyle's Dad Lynn Boyle
29%
The Vulture's Name Keith Pembroke
28%
Peralta's Dad Roger
27%
Jeffords' Brother-In-Law Zeke
26%
Boyle's Ex-Wife (has samples of Boyle sperm) Eleanor
23%
Murphy Crime Family Leader Seamus
20%
Lead investigator at the U.S. Postal Service (UPSIS) Jack Danger
18%
Santiago's Brother (The Golden Child) David Santiago
17%
Peralta's Childhood Crush (slow danced with Eddie Fung and later came to Boyle-Linetti wedding) Jenny Gildenhorn
17%
Holt's Arch Nemesis Alter Ego (Ernest Zumowski) The Disco Strangler
15%
Skyfire Cycle Writer DC Parlov
12%
Linetti's Mum Darlene
9%
Santiago's Bestfriend Kylie
9%
Prison gang leader who makes Blizz Jeff Romero
8%
Florida inmate who claims to do meth (Coral Palms) Tito
8%
Jeffords' Ex (Nearly Shutdown the 99) Veronica Hopkins
7%
Jeffords' Japanese Ex Chiaki
5%
Peralta's Exes Boss (Held him at gunpoint in an ice cream truck) Geoffrey Hoytsman
4%
Holt's Ex Boyfriend (the one with the wooden duck that Holt throws off of a bridge) Frederick
2%
No matching quizzes found
Score Distribution
Percent of People with Each Score
Percentile by Number Answered
Your Score History
You have not taken this quiz